|
|
|
|
| LEADER |
00000nam0a2200000 4500 |
| 001 |
371105 |
| 005 |
20260219102922.0 |
| 035 |
|
|
|a (RuTPU)RU\TPU\retro\28515
|
| 090 |
|
|
|a 371105
|
| 100 |
|
|
|a 20220916d1977 k y0rusy50 ca
|
| 101 |
0 |
|
|a rus
|
| 102 |
|
|
|a RU
|
| 105 |
|
|
|a a z 001zy
|
| 200 |
1 |
|
|a Химия и технология вяжущих веществ, силикатных и неорганических материалов
|e межвузовский сборник научных трудов
|f Ленинградский технологический институт им. Ленсовета
|
| 210 |
|
|
|a Ленинград
|c [Б. и.]
|d 1977
|
| 215 |
|
|
|a 160 с.
|c ил.
|
| 320 |
|
|
|a Библиография в конце статей
|
| 606 |
1 |
|
|a Вяжущие материалы
|2 stltpush
|3 (RuTPU)RU\TPU\subj\41642
|9 61430
|
| 610 |
1 |
|
|a цементы
|
| 610 |
1 |
|
|a электрофизические свойства
|
| 610 |
1 |
|
|a композиционные материалы
|
| 610 |
1 |
|
|a получение
|
| 610 |
1 |
|
|a нетрадиционные сырьевые материалы
|
| 610 |
1 |
|
|a обжиговые агрегаты
|
| 610 |
1 |
|
|a клинкерные минералы
|
| 610 |
1 |
|
|a растворение
|
| 610 |
1 |
|
|a изучение
|
| 610 |
1 |
|
|a огнеупоры
|
| 610 |
1 |
|
|a коррозия
|
| 675 |
|
|
|a 666.9
|v 4
|
| 712 |
0 |
2 |
|a Ленинградский технологический институт им. Ленсовета
|c 1946-1993
|2 stltpush
|3 (RuTPU)RU\TPU\col\1462
|9 23567
|
| 801 |
|
1 |
|a RU
|b 63413507
|c 20220916
|
| 801 |
|
2 |
|a RU
|b 63413507
|c 20220916
|g RCR
|
| 942 |
|
|
|c BK
|